书目信息 |
| 题名: |
有机化合物的结构测定方法
|
|
| 作者: | 田中诚之 编著 ;姚海文 译 | |
| 分册: | ||
| 出版信息: | 北京 化学工业出版社 1986 |
|
| 页数: | 225页 | |
| 开本: | 26cm | |
| 丛书名: | ||
| 单 册: | ||
| 中图分类: | O621.15 | |
| 科图分类: | ||
| 主题词: | 有机化合物--分子结构--测定--方法--物理化学 | |
| 电子资源: | ||
| ISBN: | ||
| 000 | 00910nam0 2200265 45 | |
| 001 | 0186010242 | |
| 005 | 20041221154903.6 | |
| 010 | @dCNY3.00 | |
| 091 | @a15063.3748 | |
| 100 | @a19900818d1986 emky0chiy0121 ea | |
| 101 | 1 | @achi@cjpn |
| 102 | @aCN@b110000 | |
| 105 | @ay z 000yy | |
| 200 | 10 | @a有机化合物的结构测定方法@Ayou ji hua he wu de jie gou ce ding fang fa@e利用13C—NMR, 1H—NMR, IR和MS图谱的综合解析@f(日)田中诚之编著@g姚海文译 |
| 210 | @a北京@c化学工业出版社@d1986 | |
| 215 | @a225页@d26cm | |
| 517 | 1 | @a利用13C—NMR, 1H—NMR, IR和MS图谱的综合解析@Ali yong 13C — NMR, 1H —NMR, IR he MS tu pu de zong he jie xi |
| 606 | @a有机化合物@x分子结构@x测定@x方法@x物理化学 | |
| 610 | 0 | @a碳13 |
| 690 | @aO621.15@v3 | |
| 701 | 0 | @a田中诚之@4编著 |
| 702 | 0 | @a姚海文@Ayao hai wen@4译 |
| 801 | 0 | @aCN@b深圳图书馆@c20040524 |
| 801 | 2 | @aCN@bNLC@c20040524 |
| 905 | @dO621.15@e27@f1@b157370 | |
| 有机化合物的结构测定方法:利用13C—NMR, 1H—NMR, IR和MS图谱的综合解析/(日)田中诚之编著/姚海文译.-北京:化学工业出版社,1986 |
| 225页;26cm |
| ISBN :CNY3.00 |
| ● |
| 相关链接 |
|
|
|
|
正题名:有机化合物的结构测定方法
索取号:O621.15/27
 
预约/预借
| 序号 | 登录号 | 条形码 | 馆藏地/架位号 | 状态 | 备注 |
| 1 | 0157370 | 001977392 | 第三借阅区/ [索取号:O621.15/27] | 在馆 | |
| 2 | 0157371 | 000700049 | 第三借阅区/ [索取号:O621.15/27] | 在馆 | |
| 3 | 0157372 | 202449029 | 第二样本阅览室/ [索取号:O621.15/27] | 在馆 |